[Event "Liberec op 21st"]
[Site "Liberec"]
[Date "2022.02.11"]
[Round "8"]
[White "Dobrowolski, Piotr"]
[Black "Adrian, Leopold"]
[Result "1-0"]
[WhiteElo "2402"]
[BlackElo "2144"]
[PlyCount "67"]
[EventDate "2022.02.05"]
[EventType "swiss"]
[EventRounds "9"]
[EventCountry "CZE"]
[SourceTitle "EXT 2023"]
[Source "ChessBase"]
[SourceDate "2022.10.05"]
[SourceVersion "1"]
[SourceVersionDate "2022.10.05"]
[SourceQuality "1"]

1. e4 e6 2. d4 d5 3. e5 c5 4. c3 Nc6 5. Nf3 Nge7 6. Na3 Nf5 7. Nc2 cxd4 8. cxd4 Qb6 9. Bd3 Bb4+ 10. Kf1 Be7 11. g4 Nh4 12. Nxh4 Bxh4 13. Kg2 Be7 14. f4 0-0 15. b3 f6 16. Be3 Bd7 17. h4 Rac8 18. exf6 Rxf6 19. g5 Rf5 20. Bxf5 exf5 21. Re1 Bb4 22. Bd2 Bd6 23. Qf3 Ne7 24. Rac1 Qb5 25. a4 Qb6 26. h5 a6 27. Re3 Kh8 28. Rc3 Rxc3 29. Qxc3 h6 30. Re1 Nc6 31. gxh6 gxh6 32. Qg3 Nxd4 33. Nxd4 Qxd4 34. Bc3 1-0

[Event "Liberec op 21st"]
[Site "Liberec"]
[Date "2022.02.09"]
[Round "6"]
[White "Adrian, Leopold"]
[Black "Kocharin, Timur"]
[Result "1-0"]
[WhiteElo "2144"]
[BlackElo "1662"]
[PlyCount "75"]
[EventDate "2022.02.05"]
[EventType "swiss"]
[EventRounds "9"]
[EventCountry "CZE"]
[SourceTitle "EXT 2023"]
[Source "ChessBase"]
[SourceDate "2022.10.05"]
[SourceVersion "1"]
[SourceVersionDate "2022.10.05"]
[SourceQuality "1"]

1. Nf3 Nf6 2. c4 e6 3. g3 b6 4. Bg2 Bb7 5. 0-0 c5 6. Nc3 Be7 7. Re1 0-0 8. e4 d6 9. d4 cxd4 10. Nxd4 Qc8 11. b3 a6 12. Bb2 Nc6 13. Rc1 Qb8 14. Nxc6 Bxc6 15. e5 Bxg2 16. exf6 Qb7 17. fxe7 Rfe8 18. Nd5 Bh3 19. Nf4 Bf5 20. Qxd6 Rxe7 21. Rcd1 Bg4 22. Rd2 f6 23. Nd5 Rf7 24. Nxb6 Bh3 25. f3 Rb8 26. c5 Re8 27. g4 f5 28. g5 Qxf3 29. Qg3 Qh5 30. Nd5 Bg4 31. h4 Rb7 32. c6 Rbb8 33. Ne7+ Kf7 34. Qe5 Rg8 35. Nxg8 Qg6 36. Rd7+ Kxg8 37. Qxb8+ Qe8 38. Qxe8# 1-0

[Event "FRA-ch U18"]
[Site "Agen"]
[Date "2021.10.26"]
[Round "4"]
[White "Adrian, Leopold"]
[Black "Bregnac, Tristan"]
[Result "1/2-1/2"]
[WhiteElo "2039"]
[BlackElo "2161"]
[PlyCount "66"]
[EventDate "2021.10.22"]
[EventType "swiss"]
[EventRounds "9"]
[EventCountry "FRA"]
[SourceTitle "EXT 2023"]
[Source "ChessBase"]
[SourceDate "2022.10.05"]
[SourceVersion "1"]
[SourceVersionDate "2022.10.05"]
[SourceQuality "1"]

1. c4 Nf6 2. Nc3 e5 3. g3 Bc5 4. Bg2 Nc6 5. a3 d6 6. e3 a6 7. Nge2 0-0 8. 0-0 Bf5 9. d4 Ba7 10. h3 Qd7 11. g4 Bg6 12. d5 Ne7 13. Ng3 h6 14. Kh2 Bh7 15. Nce2 Rae8 16. e4 Ng6 17. Nf5 Kh8 18. b4 Ng8 19. Ra2 N8e7 20. Neg3 Nf4 21. Bxf4 exf4 22. Nh5 Nxf5 23. gxf5 Qe7 24. f6 gxf6 25. Qa1 Qe5 26. Qxe5 fxe5 27. Nf6 Rd8 28. Rg1 Bg6 29. Bf3 Kg7 30. Nh5+ Kh7 31. Nf6+ Kg7 32. Nh5+ Kh7 33. Nf6+ Kg7 1/2-1/2

[Event "Vaujany op 12th"]
[Site "Vaujany"]
[Date "2021.07.20"]
[Round "6"]
[White "Adrian, Leopold"]
[Black "Pelopidas, Florian"]
[Result "1-0"]
[WhiteElo "2047"]
[BlackElo "1908"]
[PlyCount "37"]
[EventDate "2021.07.15"]
[EventType "swiss"]
[EventRounds "9"]
[EventCountry "FRA"]
[SourceTitle "EXT 2022"]
[Source "ChessBase"]
[SourceDate "2021.10.06"]
[SourceVersion "1"]
[SourceVersionDate "2021.10.06"]
[SourceQuality "1"]

1. Nf3 Nf6 2. c4 e6 3. g3 d5 4. d4 Bb4+ 5. Bd2 Bd6 6. Bg2 c6 7. 0-0 0-0 8. Qb3 Qe7 9. Be1 Ne4 10. Nfd2 f5 11. f3 Nxd2 12. Nxd2 Nd7 13. e4 fxe4 14. fxe4 Rxf1+ 15. Bxf1 dxe4 16. Nxe4 Bc7 17. Bb4 Qf7 18. Bh3 Nf8 19. Rf1 1-0

[Event "Cattolica op-A 8th"]
[Site "Cattolica"]
[Date "2021.06.03"]
[Round "9"]
[White "Adrian, Leopold"]
[Black "Ochedzan, Tymon"]
[Result "0-1"]
[WhiteElo "2009"]
[BlackElo "2219"]
[PlyCount "72"]
[EventDate "2021.05.27"]
[EventType "swiss"]
[EventRounds "9"]
[EventCountry "ITA"]
[SourceTitle "CBM 203 Extra"]
[Source "ChessBase"]
[SourceDate "2021.09.30"]
[SourceVersion "1"]
[SourceVersionDate "2021.09.30"]
[SourceQuality "1"]

1. c4 Nf6 2. Nf3 g6 3. g3 Bg7 4. d4 0-0 5. Bg2 d6 6. 0-0 Nc6 7. d5 Na5 8. Nfd2 c6 9. a3 cxd5 10. cxd5 Nd7 11. Ra2 Ne5 12. b3 Bf5 13. Bb2 Rc8 14. e4 Bg4 15. f3 Qb6+ 16. Kh1 Bd7 17. b4 Nac4 18. Nxc4 Rxc4 19. Nd2 Rc7 20. Nb3 Ba4 21. f4 Qe3 22. fxe5 Bxb3 23. Bd4 Bxd1 24. Bxe3 Bb3 25. exd6 exd6 26. Raf2 a6 27. Rc1 Rxc1+ 28. Bxc1 Bd4 29. Rf1 Bc4 30. Rd1 Be5 31. Bf4 Re8 32. Kg1 Kg7 33. Kf2 f5 34. Rc1 b5 35. exf5 Bd4+ 36. Kf3 Be2# 0-1

[Event "FRA-chT 16 Final-B"]
[Site "Playchess.com INT"]
[Date "2021.01.17"]
[Round "14"]
[White "Adrian, Leopold"]
[Black "Brunner, Nicolas"]
[Result "0-1"]
[WhiteElo "2009"]
[BlackElo "2418"]
[PlyCount "52"]
[EventDate "2021.01.16"]
[EventType "team-tourn (blitz)"]
[EventRounds "15"]
[EventCountry "FRA"]
[SourceTitle "CBM 200 Extra"]
[Source "ChessBase"]
[SourceDate "2021.03.31"]
[SourceVersion "1"]
[SourceVersionDate "2021.03.31"]
[SourceQuality "1"]
[WhiteTeam "Vandoeuvre"]
[BlackTeam "Vandoeuvre"]
[WhiteTeamCountry "FRA"]
[BlackTeamCountry "FRA"]

1. c4 c5 2. Nc3 Nc6 3. Nf3 e5 4. e3 Nf6 5. d4 cxd4 6. exd4 e4 7. Ne5 Bb4 8. Bg5 Qa5 9. Nxc6 dxc6 10. Bd2 Qc7 11. Nxe4 Bxd2+ 12. Nxd2 0-0 13. Be2 Rd8 14. Nf3 Bg4 15. 0-0 Bxf3 16. Bxf3 Qb6 17. d5 Qxb2 18. Rb1 Qxa2 19. Rxb7 Qxc4 20. dxc6 Rxd1 21. Rxd1 g6 22. g3 Kg7 23. Re1 a5 24. Ra1 a4 25. Rb2 Qc3 26. Rba2 Qxf3 0-1

[Event "FRA-chT 16 Final-B"]
[Site "Playchess.com INT"]
[Date "2021.01.17"]
[Round "12"]
[White "Adrian, Leopold"]
[Black "Buscara, Sevan"]
[Result "1/2-1/2"]
[WhiteElo "2009"]
[BlackElo "2411"]
[PlyCount "76"]
[EventDate "2021.01.16"]
[EventType "team-tourn (blitz)"]
[EventRounds "15"]
[EventCountry "FRA"]
[SourceTitle "CBM 200 Extra"]
[Source "ChessBase"]
[SourceDate "2021.03.31"]
[SourceVersion "1"]
[SourceVersionDate "2021.03.31"]
[SourceQuality "1"]
[WhiteTeam "Vandoeuvre"]
[BlackTeam "Lyon"]
[WhiteTeamCountry "FRA"]
[BlackTeamCountry "FRA"]

1. c4 g6 2. d4 Bg7 3. Nf3 c5 4. g3 cxd4 5. Nxd4 Nc6 6. Nc2 Nf6 7. Bg2 0-0 8. 0-0 b6 9. Nc3 Bb7 10. Re1 Rc8 11. e4 Ne8 12. Bd2 e6 13. Rc1 Nc7 14. b4 Ne5 15. Qe2 Na6 16. b5 Nc5 17. Nb4 a5 18. bxa6 Nxa6 19. Nb5 Qe7 20. a3 Nc5 21. f4 Nc6 22. Bc3 Nb3 23. Bxg7 Nxc1 24. Qb2 Nxb4 25. Bxf8 Qxf8 26. Qxb4 Nd3 27. Qxf8+ Rxf8 28. Rd1 Nc5 29. Nd6 Bc6 30. Rb1 Ra8 31. Rxb6 Rxa3 32. Rb8+ Kg7 33. Ne8+ Kh6 34. Nd6 Ra1+ 35. Kf2 Ra2+ 36. Kg1 Ra1+ 37. Kf2 Ra2+ 38. Kg1 Ra1+ 1/2-1/2

[Event "FRA-chT 16 Final-B"]
[Site "Playchess.com INT"]
[Date "2021.01.17"]
[Round "13"]
[White "Boukhris, Yacine"]
[Black "Adrian, Leopold"]
[Result "1/2-1/2"]
[WhiteElo "2155"]
[BlackElo "2009"]
[PlyCount "54"]
[EventDate "2021.01.16"]
[EventType "team-tourn (blitz)"]
[EventRounds "15"]
[EventCountry "FRA"]
[SourceTitle "CBM 200 Extra"]
[Source "ChessBase"]
[SourceDate "2021.03.31"]
[SourceVersion "1"]
[SourceVersionDate "2021.03.31"]
[SourceQuality "1"]
[WhiteTeam "Agen"]
[BlackTeam "Vandoeuvre"]
[WhiteTeamCountry "FRA"]
[BlackTeamCountry "FRA"]

1. b3 d5 2. Bb2 c5 3. Nf3 Nc6 4. e3 e6 5. Bb5 Nge7 6. Ne5 a6 7. Nxc6 Nxc6 8. Bxc6+ bxc6 9. d3 Qg5 10. Qf3 Bd6 11. h4 Qg6 12. h5 Qg5 13. h6 e5 14. hxg7 Qxg7 15. Nd2 Be6 16. 0-0-0 Kd7 17. Rh4 Rhg8 18. Rdh1 Qxg2 19. Rxh7 Raf8 20. c4 a5 21. Kc2 e4 22. dxe4 dxe4 23. Qf6 Rg6 24. Qh4 Rg4 25. Qf6 Rg6 26. Qh4 Rg4 27. Qf6 Rg6 1/2-1/2

[Event "FRA-chT 16 Final-B"]
[Site "Playchess.com INT"]
[Date "2021.01.16"]
[Round "4"]
[White "Adrian, Leopold"]
[Black "Adrian, Claude"]
[Result "1/2-1/2"]
[WhiteElo "2009"]
[BlackElo "2240"]
[PlyCount "21"]
[EventDate "2021.01.16"]
[EventType "team-tourn (blitz)"]
[EventRounds "15"]
[EventCountry "FRA"]
[SourceTitle "CBM 200 Extra"]
[Source "ChessBase"]
[SourceDate "2021.03.31"]
[SourceVersion "1"]
[SourceVersionDate "2021.03.31"]
[SourceQuality "1"]
[WhiteTeam "Vandoeuvre"]
[BlackTeam "Vandoeuvre"]
[WhiteTeamCountry "FRA"]
[BlackTeamCountry "FRA"]

1. Nf3 d5 2. d4 Bf5 3. c4 e6 4. Qb3 Nc6 5. Qxb7 Nb4 6. Na3 Rb8 7. Qxa7 Ra8 8. Qb7 Rb8 9. Qa7 Ra8 10. Qb7 Rb8 11. Qa7 1/2-1/2

[Event "FRA-chT 16 Final-B"]
[Site "Playchess.com INT"]
[Date "2021.01.16"]
[Round "8"]
[White "Adrian, Leopold"]
[Black "Hasseine, Madiane"]
[Result "0-1"]
[WhiteElo "2009"]
[BlackElo "2157"]
[PlyCount "114"]
[EventDate "2021.01.16"]
[EventType "team-tourn (blitz)"]
[EventRounds "15"]
[EventCountry "FRA"]
[SourceTitle "CBM 200 Extra"]
[Source "ChessBase"]
[SourceDate "2021.03.31"]
[SourceVersion "1"]
[SourceVersionDate "2021.03.31"]
[SourceQuality "1"]
[WhiteTeam "Vandoeuvre"]
[BlackTeam "Chartres"]
[WhiteTeamCountry "FRA"]
[BlackTeamCountry "FRA"]

1. c4 c6 2. d4 d5 3. Nf3 Nf6 4. g3 dxc4 5. Ne5 Bf5 6. Nxc4 Qd5 7. f3 Bxb1 8. Ne3 Qe6 9. Rxb1 Qxa2 10. Bd2 Qe6 11. Bg2 g6 12. 0-0 Bg7 13. Qc2 0-0 14. Nc4 Nd5 15. Bc3 b5 16. Ne5 Bxe5 17. dxe5 Ne3 18. Qe4 Nxf1 19. Rxf1 Na6 20. f4 Qc4 21. Qxc4 bxc4 22. Bxc6 Rab8 23. Rc1 Nb4 24. Bf3 Na2 25. Ra1 Nxc3 26. bxc3 Rb3 27. Rxa7 e6 28. Kf2 Rxc3 29. Rc7 Rc1 30. Ke3 Rd8 31. Be4 Rc3+ 32. Kf2 Rd4 33. Bf3 Rc1 34. Ke3 Rdd1 35. g4 c3 36. Be4 Rg1 37. Kf3 Rcf1+ 38. Ke3 Rxg4 39. Bf3 Rh4 40. Rc8+ Kg7 41. Rxc3 Rxh2 42. Rc7 h5 43. Bc6 Rhf2 44. Bf3 h4 45. f5 gxf5 46. Bh5 h3 47. Bxf7 h2 48. Bxe6+ Kh6 49. Bd5 f4+ 50. Kd3 Rd1+ 51. Kc2 Rxd5 52. e6 Re5 53. e7 Rexe2+ 54. Kc3 h1Q 55. Rc8 Re3+ 56. Kb4 Qb1+ 57. Ka5 Ra2# 0-1

[Event "FRA-chT 16 Final-B"]
[Site "Playchess.com INT"]
[Date "2021.01.16"]
[Round "5"]
[White "Mathieu, Phileas"]
[Black "Adrian, Leopold"]
[Result "1/2-1/2"]
[WhiteElo "2240"]
[BlackElo "2009"]
[PlyCount "160"]
[EventDate "2021.01.16"]
[EventType "team-tourn (blitz)"]
[EventRounds "15"]
[EventCountry "FRA"]
[SourceTitle "CBM 200 Extra"]
[Source "ChessBase"]
[SourceDate "2021.03.31"]
[SourceVersion "1"]
[SourceVersionDate "2021.03.31"]
[SourceQuality "1"]
[WhiteTeam "Vandoeuvre"]
[BlackTeam "Vandoeuvre"]
[WhiteTeamCountry "FRA"]
[BlackTeamCountry "FRA"]

1. e4 e6 2. d3 d5 3. Qe2 Nc6 4. Nf3 dxe4 5. dxe4 e5 6. c3 Nf6 7. g3 a5 8. Bg2 Bc5 9. 0-0 0-0 10. Be3 b6 11. Bxc5 bxc5 12. Rd1 Qe7 13. a4 Ba6 14. Qc2 Rfd8 15. Na3 Rab8 16. Bf1 Bxf1 17. Kxf1 Qe6 18. Nb5 Qc4+ 19. Qe2 Qxe2+ 20. Kxe2 Nxe4 21. Nd2 Nd6 22. Nxc7 Rxb2 23. Kf1 Rc2 24. Nd5 Nf5 25. Nc4 Nfd4 26. Ncb6 Ne6 27. Nc4 f6 28. Rab1 Ra2 29. Rb6 Ncd4 30. Nde3 Kf7 31. cxd4 cxd4 32. Nf5 Rxa4 33. Rb7+ Kg6 34. Ne7+ Kh6 35. Nb6 Nc5 36. Rc7 Rb4 37. Rxc5 Rxb6 38. Rxa5 g6 39. Ra7 Rbd6 40. h4 f5 41. Kg2 e4 42. Ra3 R8d7 43. Nc8 Rc6 44. Na7 Rb6 45. Ra4 d3 46. Ra2 Kg7 47. Rc1 Kf6 48. Rd2 Rxa7 49. g4 Rab7 50. g5+ Kg7 51. Kg3 Rb3 52. Kf4 Rb2 53. Rxb2 Rxb2 54. Rc7+ Kg8 55. Rd7 Rxf2+ 56. Ke3 Re2+ 57. Kf4 Rf2+ 58. Ke5 Ra2 59. Kf4 Ra5 60. Ke3 Ra8 61. Kf4 Rf8 62. Rd6 Kg7 63. Rd7+ Rf7 64. Rd6 h6 65. Rd5 hxg5+ 66. hxg5 Re7 67. Ke3 Rc7 68. Kf4 Kf7 69. Rd6 Rb7 70. Ke3 Re7 71. Rf6+ Kg7 72. Rd6 Ra7 73. Kf4 Rb7 74. Rd5 Rb2 75. Rd7+ Kg8 76. Ke5 Rb5+ 77. Kf6 Rb6+ 78. Ke5 Rb5+ 79. Kf6 Rb6+ 80. Ke5 Rb5+ 1/2-1/2

[Event "FRA-chT 16 Final-B"]
[Site "Playchess.com INT"]
[Date "2021.01.16"]
[Round "7"]
[White "Menard, Baptiste"]
[Black "Adrian, Leopold"]
[Result "0-1"]
[WhiteElo "2238"]
[BlackElo "2009"]
[PlyCount "42"]
[EventDate "2021.01.16"]
[EventType "team-tourn (blitz)"]
[EventRounds "15"]
[EventCountry "FRA"]
[SourceTitle "CBM 200 Extra"]
[Source "ChessBase"]
[SourceDate "2021.03.31"]
[SourceVersion "1"]
[SourceVersionDate "2021.03.31"]
[SourceQuality "1"]
[WhiteTeam "Lyon"]
[BlackTeam "Vandoeuvre"]
[WhiteTeamCountry "FRA"]
[BlackTeamCountry "FRA"]

1. d4 Nf6 2. c4 c5 3. d5 b5 4. Qc2 Na6 5. a3 e6 6. e4 bxc4 7. Bxc4 Nc7 8. Nc3 Bb7 9. Bg5 exd5 10. exd5 d6 11. Nf3 Be7 12. 0-0 0-0 13. Rfe1 Nfxd5 14. Nxd5 Bxg5 15. Nxg5 Qxg5 16. f4 Qd8 17. Ne7+ Kh8 18. f5 d5 19. Rad1 Re8 20. f6 gxf6 21. Qf5 Qd6 0-1

[Event "Biel HTO 53rd"]
[Site "Biel"]
[Date "2020.07.29"]
[Round "9"]
[White "Spanton, Timothy"]
[Black "Adrian, Leopold"]
[Result "0-1"]
[WhiteElo "1855"]
[BlackElo "2061"]
[PlyCount "162"]
[EventDate "2020.07.20"]
[EventType "swiss"]
[EventRounds "9"]
[EventCountry "SUI"]
[SourceTitle "CBM 197"]
[Source "ChessBase"]
[SourceDate "2020.07.27"]
[SourceVersion "1"]
[SourceVersionDate "2020.07.27"]
[SourceQuality "1"]

1. e4 e6 2. d4 d5 3. exd5 exd5 4. Nf3 Bg4 5. Bd3 Nc6 6. c3 Bd6 7. 0-0 Nge7 8. Re1 Qd7 9. Nbd2 0-0-0 10. b4 Rde8 11. Nb3 Nf5 12. Be3 f6 13. Nc5 Bxc5 14. bxc5 Na5 15. h3 Nxe3 16. Rxe3 Rxe3 17. fxe3 Bf5 18. Nh4 Be4 19. Qf1 Re8 20. Bb5 c6 21. Bd3 Nc4 22. Bxc4 dxc4 23. Re1 Bd3 24. Qf2 b6 25. cxb6 axb6 26. Nf3 Kb7 27. Kh1 Qf5 28. Qg3 g5 29. Qd6 h5 30. d5 Qxd5 31. Qxf6 g4 32. hxg4 hxg4 33. Qg7+ Ka6 34. Qxg4 Be4 35. Ng5 Bxg2+ 36. Qxg2 Rh8+ 37. Kg1 Rg8 38. Qxd5 cxd5 39. Kf2 Rxg5 40. e4 dxe4 41. Rxe4 b5 42. Re8 Rh5 43. Ke3 Rh3+ 44. Kd2 Rh1 45. Re1 Rh2+ 46. Re2 Rh1 47. Re1 Rh5 48. Re2 Kb6 49. Kc2 Kc5 50. Rd2 Rh3 51. Kb2 Rh5 52. Kc2 Rg5 53. Kb2 Rd5 54. Kc2 Rf5 55. Kb2 b4 56. cxb4+ Kxb4 57. a3+ Kc5 58. Rc2 Rf3 59. Rc3 Rf2+ 60. Rc2 Rf8 61. Rd2 Rf3 62. Rd8 Rh3 63. Rc8+ Kd4 64. Rd8+ Ke4 65. Rc8 Kd3 66. Rd8+ Ke2 67. Re8+ Kd2 68. Rc8 c3+ 69. Ka2 Rd3 70. Kb1 Rd7 71. a4 Rb7+ 72. Ka2 c2 73. Rd8+ Kc1 74. Rc8 Rb1 75. Rc7 Kd2 76. a5 c1Q 77. Rxc1 Kxc1 78. Ka3 Kc2 79. Ka4 Kc3 80. a6 Kc4 81. Ka5 Kc5 0-1

[Event "Biel HTO 53rd"]
[Site "Biel"]
[Date "2020.07.20"]
[Round "1"]
[White "Adrian, Leopold"]
[Black "Meier, Herbert"]
[Result "1-0"]
[WhiteElo "2061"]
[BlackElo "1530"]
[PlyCount "89"]
[EventDate "2020.07.20"]
[EventType "swiss"]
[EventRounds "9"]
[EventCountry "SUI"]
[SourceTitle "CBM 197"]
[Source "ChessBase"]
[SourceDate "2020.07.27"]
[SourceVersion "1"]
[SourceVersionDate "2020.07.27"]
[SourceQuality "1"]

1. c4 Nf6 2. Nc3 g6 3. g3 Bg7 4. Bg2 0-0 5. d4 d6 6. Nf3 Re8 7. 0-0 Nbd7 8. Qc2 c5 9. Rd1 Qc7 10. b3 Rb8 11. Bb2 e5 12. Nb5 Qb6 13. Nxd6 Qxd6 14. dxe5 Qe7 15. exf6 Bxf6 16. e3 Bxb2 17. Qxb2 Nf6 18. a3 Bg4 19. h3 Bf5 20. b4 b6 21. Ne1 Rbd8 22. b5 Rd6 23. g4 Be4 24. f3 Bb7 25. e4 Nd7 26. Qe2 Rd8 27. f4 Nf8 28. e5 Rxd1 29. Rxd1 Bxg2 30. Nxg2 Ne6 31. Rxd8+ Qxd8 32. f5 Nd4 33. Qe4 Nb3 34. Qd5 Qxd5 35. cxd5 Kf8 36. Kf2 Nd4 37. fxg6 hxg6 38. a4 Ke7 39. Ke3 f5 40. gxf5 Nxf5+ 41. Kf4 c4 42. Ke4 Kd7 43. Ne3 c3 44. Kd3 c2 45. Nxc2 1-0

[Event "Split op 8th"]
[Site "Split"]
[Date "2018.08.15"]
[Round "5"]
[White "Majek, Kacper"]
[Black "Adrian, Leopold"]
[Result "1-0"]
[WhiteElo "2060"]
[BlackElo "1788"]
[PlyCount "53"]
[EventDate "2018.08.12"]
[EventType "swiss"]
[EventRounds "9"]
[EventCountry "CRO"]
[SourceTitle "CBM 186 Extra"]
[Source "ChessBase"]
[SourceDate "2018.08.24"]
[SourceVersion "1"]
[SourceVersionDate "2018.08.24"]
[SourceQuality "1"]

1. e4 e6 2. d3 d5 3. Nd2 Nf6 4. g3 dxe4 5. dxe4 Nc6 6. Bg2 Bc5 7. Ngf3 e5 8. 0-0 0-0 9. c3 a5 10. Qc2 Qe7 11. Nc4 h6 12. Ne3 Qe6 13. Nd5 Bd6 14. Nh4 Ne7 15. c4 c6 16. Nb6 Ra6 17. c5 Bc7 18. Nc4 b6 19. cxb6 Bxb6 20. Nxb6 Rxb6 21. Be3 Rb8 22. Rfd1 Ba6 23. Bc5 Rfe8 24. Rac1 Qxa2 25. Rd2 Bb5 26. Qc3 Nc8 27. b3 1-0

[Event "Portoroz op 11th"]
[Site "Portoroz"]
[Date "2017.07.25"]
[Round "5"]
[White "Adrian, Leopold"]
[Black "Hrescak, Ivana"]
[Result "0-1"]
[WhiteElo "1807"]
[BlackElo "2173"]
[PlyCount "78"]
[EventDate "2017.07.22"]
[EventType "swiss"]
[EventRounds "9"]
[EventCountry "SLO"]
[SourceTitle "EXT 2018"]
[Source "ChessBase"]
[SourceDate "2017.10.13"]
[SourceVersion "1"]
[SourceVersionDate "2017.10.13"]
[SourceQuality "1"]

1. c4 Nf6 2. Nc3 g6 3. g3 Bg7 4. Bg2 0-0 5. Nf3 d6 6. d4 c6 7. 0-0 Nbd7 8. e4 e5 9. Qc2 Qb6 10. c5 dxc5 11. dxe5 Ne8 12. Bg5 Nc7 13. Rfe1 Ne6 14. Na4 Qa5 15. Be3 Re8 16. Nd2 b5 17. Nc3 Nd4 18. Bxd4 cxd4 19. Ne2 Qb6 20. Nb3 Bxe5 21. Rac1 d3 22. Qxd3 Bxb2 23. Rc2 Ne5 24. Qd1 Rd8 25. Qb1 Ba3 26. Nf4 a5 27. Rd1 Bg4 28. Rxd8+ Rxd8 29. Nd2 Bb4 30. Qc1 Qd4 31. Nf1 Bd1 32. Rxc6 Nxc6 33. Qxc6 Qc5 34. Qf6 Qd6 35. Qh4 Qe7 36. Qh6 Qe5 37. Nd5 Bf8 38. Qh4 g5 39. Qh5 Bxh5 0-1

[Event "Portoroz op 11th"]
[Site "Portoroz"]
[Date "2017.07.23"]
[Round "3"]
[White "Adrian, Leopold"]
[Black "Marn, Jan"]
[Result "0-1"]
[WhiteElo "1807"]
[BlackElo "2053"]
[PlyCount "68"]
[EventDate "2017.07.22"]
[EventType "swiss"]
[EventRounds "9"]
[EventCountry "SLO"]
[SourceTitle "EXT 2018"]
[Source "ChessBase"]
[SourceDate "2017.10.13"]
[SourceVersion "1"]
[SourceVersionDate "2017.10.13"]
[SourceQuality "1"]

1. c4 e6 2. Nc3 Nf6 3. e4 d5 4. e5 d4 5. exf6 dxc3 6. bxc3 Qxf6 7. Bd3 Bc5 8. Nf3 0-0 9. 0-0 e5 10. Be4 Nc6 11. Bxc6 bxc6 12. d4 exd4 13. cxd4 Bb6 14. Bg5 Qg6 15. Qd2 h6 16. Be3 Bh3 17. Ne1 Rad8 18. Kh1 Bf5 19. Qc3 a6 20. c5 Ba7 21. Rd1 Rd5 22. Rd2 Qf6 23. Qa3 Rfd8 24. Rb2 Be4 25. Rb7 Rh5 26. f3 Bb8 27. Qb2 Qh4 28. Bg1 Bd5 29. Nc2 Rg5 30. Rxb8 Rxb8 31. Qxb8+ Kh7 32. Nb4 Bc4 33. Rc1 Be2 34. Qxc7 Qh3 0-1

[Event "FRA-chT U20"]
[Site "Colmar"]
[Date "2013.12.08"]
[Round "?"]
[White "Adrian, Leopold"]
[Black "Ghemet, Whalid"]
[Result "0-1"]
[WhiteElo "1351"]
[BlackElo "1356"]
[PlyCount "33"]
[EventDate "2013.12.07"]
[EventType "swiss"]
[EventRounds "6"]
[EventCountry "FRA"]
[SourceTitle "EXT 2015"]
[Source "ChessBase"]
[SourceDate "2014.11.20"]
[SourceVersion "1"]
[SourceVersionDate "2014.11.20"]
[SourceQuality "1"]

1. e4 e6 2. d4 d5 3. e5 c5 4. Nf3 Nc6 5. Bd3 Qb6 6. 0-0 Nge7 7. Bf4 Qxb2 8. Nbd2 Qb6 9. Re1 Nf5 10. Rb1 Qc7 11. h3 cxd4 12. Nb3 Bb4 13. Re2 0-0 14. Bd2 Qe7 15. Bxf5 exf5 16. Nbxd4 Nxd4 17. Nxd4 0-1

[Event "Guernsey Holiday op 39th"]
[Site "Guernsey"]
[Date "2013.10.26"]
[Round "7"]
[White "Day, Fred G"]
[Black "Adrian, Leopold"]
[Result "1/2-1/2"]
[WhiteElo "1512"]
[BlackElo "1333"]
[PlyCount "85"]
[EventDate "2013.10.20"]
[EventType "swiss"]
[EventRounds "7"]
[EventCountry "GCI"]
[SourceTitle "EXT 2022"]
[Source "ChessBase"]
[SourceDate "2021.10.06"]
[SourceVersion "1"]
[SourceVersionDate "2021.10.06"]
[SourceQuality "1"]

1. c4 e5 2. g3 Nc6 3. Bg2 g6 4. Nc3 Bg7 5. d3 Nge7 6. e4 d6 7. Nge2 0-0 8. 0-0 Be6 9. Nd5 f5 10. Nxe7+ Qxe7 11. exf5 Bxf5 12. Nc3 Nd4 13. f4 exf4 14. Bxf4 Rab8 15. Qd2 Bg4 16. Rae1 Qd7 17. Bd5+ Kh8 18. Kh1 Bh3 19. Rf2 c6 20. Be4 Bg4 21. Bg2 Bh3 22. Ref1 Bxg2+ 23. Kxg2 Rf5 24. Ne4 Rh5 25. Ng5 h6 26. Bxd6 Rd8 27. Nf7+ Kh7 28. h4 Qg4 29. Rf4 Qd7 30. Rxd4 Bxd4 31. Nxd8 Qxd6 32. Nxb7 Qc7 33. Rf4 Qxb7 34. Rxd4 c5+ 35. Re4 Re5 36. Kh2 Rxe4 37. dxe4 h5 38. e5 Qe4 39. b3 Qxe5 40. Qf2 Kg7 41. Qd2 Qe6 42. Qb2+ Kh7 43. Qd2 1/2-1/2